000 01567nam a2200217Ia 4500
001 19411
003 GE_BSU
008 181216s||||||||xx |||||||||||||| ||und||
040 _cGE_BSU
080 _a81'(063)
245 _aიბერიულ-კავკასიური ენათმეცნიერება XV иберийско-кавказкое языкознание=IVERO-CAUCASIA
245 _bეძღვნება შოთა რუსთაველის დაბადების 800 წლისთავს
245 _cრედ:ვ.ფანჩვიძე,მხატ:გ.ნადირაძე
260 _aთბილისი
260 _bმეცნიერება
260 _c1966
300 _a375გვ;26სმ.
653 _aტომში დაბეჭდილია წერილები,რომლებიც ეხება თანამედროვე ზოგადი ენეთმეცნიერების აქტუალურ პრობლემებს.ქართველური და მთის იბერიულ-კავკასიური ენების ფონეტიკის,მორფოლოგიის,სინტაქსის და ლექსიკის აგრეთვე ამ ენათა ისტორიულ-შედარებითი შესწავლის უმნიშვნელოვანეს საკითხებს.
653 _aქართული ენა
942 _cBK
999 _c52391
_d52391